<?xml version="1.0" encoding="UTF-8"?>
<record
    xmlns:xsi="http://www.w3.org/2001/XMLSchema-instance"
    xsi:schemaLocation="http://www.loc.gov/MARC21/slim http://www.loc.gov/standards/marcxml/schema/MARC21slim.xsd"
    xmlns="http://www.loc.gov/MARC21/slim">

  <leader>00695nam a22001577a 4500</leader>
  <controlfield tag="003">OSt</controlfield>
  <controlfield tag="005">20160831161521.0</controlfield>
  <controlfield tag="008">160831b        xxu||||| |||| 00| 0 eng d</controlfield>
  <datafield tag="040" ind1=" " ind2=" ">
    <subfield code="c">RUA</subfield>
  </datafield>
  <datafield tag="082" ind1=" " ind2=" ">
    <subfield code="a">AGE SUN 2014 B515 Or.</subfield>
  </datafield>
  <datafield tag="100" ind1=" " ind2=" ">
    <subfield code="9">9743</subfield>
    <subfield code="a">SUN SUNTHEARA; &#x179F;&#x17CA;&#x17BB;&#x1793; &#x179F;&#x17BB;&#x1782;&#x1793;&#x17D2;&#x1792;&#x17B6;&#x179A;&#x17C9;&#x17B6;</subfield>
  </datafield>
  <datafield tag="245" ind1=" " ind2=" ">
    <subfield code="a">Farmer's knowledge on agricultural machineries usage at kampong cham province; &#x1780;&#x1798;&#x17D2;&#x179A;&#x17B7;&#x178F;&#x1799;&#x179B;&#x17CB;&#x178A;&#x17B9;&#x1784;&#x179A;&#x1794;&#x179F;&#x17CB;&#x1780;&#x17B7;&#x179F;&#x1780;&#x179A;&#x1791;&#x17C5;&#x179B;&#x17CB;&#x1780;&#x17B6;&#x179A;&#x1794;&#x17D2;&#x179A;&#x17BE;&#x1794;&#x17D2;&#x179A;&#x17B6;&#x179F;&#x17CB;&#x1782;&#x17D2;&#x179A;&#x17BF;&#x1784;&#x1799;&#x1793;&#x17D2;&#x178F;&#x1780;&#x179F;&#x17B7;&#x1780;&#x1798;&#x17D2;&#x1798; &#x1793;&#x17C5;&#x1781;&#x17C1;&#x178F;&#x17D2;&#x178F;&#x1780;&#x17C6;&#x1796;&#x1784;&#x17CB;&#x1785;&#x17B6;&#x1798; </subfield>
  </datafield>
  <datafield tag="260" ind1=" " ind2=" ">
    <subfield code="a">RUA</subfield>
    <subfield code="b">Phnom Penh</subfield>
    <subfield code="c">2014</subfield>
  </datafield>
  <datafield tag="300" ind1=" " ind2=" ">
    <subfield code="a">x; 47p.</subfield>
    <subfield code="b">ill.</subfield>
    <subfield code="c">29cm.</subfield>
  </datafield>
  <datafield tag="942" ind1=" " ind2=" ">
    <subfield code="2">ddc</subfield>
    <subfield code="c">AGE</subfield>
  </datafield>
  <datafield tag="999" ind1=" " ind2=" ">
    <subfield code="c">9384</subfield>
    <subfield code="d">9384</subfield>
  </datafield>
  <datafield tag="952" ind1=" " ind2=" ">
    <subfield code="0">0</subfield>
    <subfield code="1">0</subfield>
    <subfield code="2">ddc</subfield>
    <subfield code="4">0</subfield>
    <subfield code="6">AGE_SUN_2014_000000000000000_B515_OR_1</subfield>
    <subfield code="7">0</subfield>
    <subfield code="9">51272</subfield>
    <subfield code="a">LBB</subfield>
    <subfield code="b">LBB</subfield>
    <subfield code="d">2016-08-31</subfield>
    <subfield code="l">2</subfield>
    <subfield code="o">AGE SUN 2014 B515 Or.1</subfield>
    <subfield code="p">RUA062169</subfield>
    <subfield code="r">2018-07-31</subfield>
    <subfield code="s">2018-07-25</subfield>
    <subfield code="w">2016-08-31</subfield>
    <subfield code="y">AGE</subfield>
  </datafield>
  <datafield tag="952" ind1=" " ind2=" ">
    <subfield code="0">0</subfield>
    <subfield code="1">0</subfield>
    <subfield code="2">ddc</subfield>
    <subfield code="4">0</subfield>
    <subfield code="6">AGE_SUN_2014_000000000000000_B515_OR_2</subfield>
    <subfield code="7">0</subfield>
    <subfield code="9">51273</subfield>
    <subfield code="a">LBB</subfield>
    <subfield code="b">LBB</subfield>
    <subfield code="d">2016-08-31</subfield>
    <subfield code="o">AGE SUN 2014 B515 Or.2</subfield>
    <subfield code="p">RUA061891</subfield>
    <subfield code="r">2016-08-31</subfield>
    <subfield code="w">2016-08-31</subfield>
    <subfield code="y">AGE</subfield>
  </datafield>
  <datafield tag="952" ind1=" " ind2=" ">
    <subfield code="0">0</subfield>
    <subfield code="1">0</subfield>
    <subfield code="2">ddc</subfield>
    <subfield code="4">0</subfield>
    <subfield code="6">AGE_SUN_2014_000000000000000_B515_OR_3</subfield>
    <subfield code="7">0</subfield>
    <subfield code="9">51274</subfield>
    <subfield code="a">LBB</subfield>
    <subfield code="b">LBB</subfield>
    <subfield code="d">2016-08-31</subfield>
    <subfield code="o">AGE SUN 2014 B515 Or.3</subfield>
    <subfield code="p">RUA062116</subfield>
    <subfield code="r">2016-08-31</subfield>
    <subfield code="w">2016-08-31</subfield>
    <subfield code="y">AGE</subfield>
  </datafield>
  <datafield tag="952" ind1=" " ind2=" ">
    <subfield code="0">0</subfield>
    <subfield code="1">0</subfield>
    <subfield code="2">ddc</subfield>
    <subfield code="4">0</subfield>
    <subfield code="6">AGE_SUN_2014_000000000000000_B515_OR_4</subfield>
    <subfield code="7">0</subfield>
    <subfield code="9">51275</subfield>
    <subfield code="a">LBB</subfield>
    <subfield code="b">LBB</subfield>
    <subfield code="d">2016-08-31</subfield>
    <subfield code="o">AGE SUN 2014 B515 Or.4</subfield>
    <subfield code="p">RUA062176</subfield>
    <subfield code="r">2016-08-31</subfield>
    <subfield code="w">2016-08-31</subfield>
    <subfield code="y">AGE</subfield>
  </datafield>
  <datafield tag="952" ind1=" " ind2=" ">
    <subfield code="0">0</subfield>
    <subfield code="1">0</subfield>
    <subfield code="2">ddc</subfield>
    <subfield code="4">0</subfield>
    <subfield code="6">AGE_SUN_2014_000000000000000_B515_OR_5</subfield>
    <subfield code="7">0</subfield>
    <subfield code="9">51276</subfield>
    <subfield code="a">LBB</subfield>
    <subfield code="b">LBB</subfield>
    <subfield code="d">2016-08-31</subfield>
    <subfield code="o">AGE SUN 2014 B515 Or.5</subfield>
    <subfield code="p">RUA061719</subfield>
    <subfield code="r">2016-08-31</subfield>
    <subfield code="w">2016-08-31</subfield>
    <subfield code="y">AGE</subfield>
  </datafield>
  <datafield tag="952" ind1=" " ind2=" ">
    <subfield code="0">0</subfield>
    <subfield code="1">0</subfield>
    <subfield code="2">ddc</subfield>
    <subfield code="4">0</subfield>
    <subfield code="6">AGE_SUN_2014_000000000000000_B515_OR_6</subfield>
    <subfield code="7">0</subfield>
    <subfield code="9">51277</subfield>
    <subfield code="a">LBB</subfield>
    <subfield code="b">LBB</subfield>
    <subfield code="d">2016-08-31</subfield>
    <subfield code="o">AGE SUN 2014 B515 Or.6</subfield>
    <subfield code="p">RUA062683</subfield>
    <subfield code="r">2016-08-31</subfield>
    <subfield code="w">2016-08-31</subfield>
    <subfield code="y">AGE</subfield>
  </datafield>
  <datafield tag="952" ind1=" " ind2=" ">
    <subfield code="0">0</subfield>
    <subfield code="1">0</subfield>
    <subfield code="2">ddc</subfield>
    <subfield code="4">0</subfield>
    <subfield code="6">AGE_SUN_2014_000000000000000_B515_OR_7</subfield>
    <subfield code="7">0</subfield>
    <subfield code="9">51278</subfield>
    <subfield code="a">LBB</subfield>
    <subfield code="b">LBB</subfield>
    <subfield code="d">2016-08-31</subfield>
    <subfield code="o">AGE SUN 2014 B515 Or.7</subfield>
    <subfield code="p">RUA061894</subfield>
    <subfield code="r">2016-08-31</subfield>
    <subfield code="w">2016-08-31</subfield>
    <subfield code="y">AGE</subfield>
  </datafield>
  <datafield tag="952" ind1=" " ind2=" ">
    <subfield code="0">0</subfield>
    <subfield code="1">0</subfield>
    <subfield code="2">ddc</subfield>
    <subfield code="4">0</subfield>
    <subfield code="6">AGE_SUN_2014_000000000000000_B515_OR_8</subfield>
    <subfield code="7">0</subfield>
    <subfield code="9">51279</subfield>
    <subfield code="a">LBB</subfield>
    <subfield code="b">LBB</subfield>
    <subfield code="d">2016-08-31</subfield>
    <subfield code="o">AGE SUN 2014 B515 Or.8</subfield>
    <subfield code="p">RUA061834</subfield>
    <subfield code="r">2016-08-31</subfield>
    <subfield code="w">2016-08-31</subfield>
    <subfield code="y">AGE</subfield>
  </datafield>
</record>
